| 000 | 00401nam a2200193Ia 4500 | ||
|---|---|---|---|
| 001 | 12723 | ||
| 003 | GE_BSU | ||
| 008 | 181216s||||||||xx |||||||||||||| ||und|| | ||
| 020 | _a9780552148511 | ||
| 040 | _cGE_BSU | ||
| 100 | _aSteel,Danielle | ||
| 245 | _aLone Eagle | ||
| 260 | _aLondon | ||
| 260 | _bCorgi books | ||
| 260 | _c2001 | ||
| 300 | _a494p.18cm. | ||
| 653 | _aLone Eagle | ||
| 942 | _cBK | ||
| 999 |
_c45894 _d45894 |
||